000 00417nam a2200145Ia 4500
008 100122s9999 xx 000 0 und d
082 _b43805
_a823.08
100 _aCHEKHOV ANTON
245 _aANTON CHEKHOV : COLLECTED WORKS VOL. 1
260 _bRADUGA PUBLICATION
_c1987
300 _a525
630 _aANTON CHEKHOV : COLLECTED WORKS VOL. 1
730 _aANTON CHEKHOV : COLLECTED WORKS VOL. 1
942 _cBOOK
999 _c373219
_d373216